Μανόλης Βαρούχας : νοταριακές πράξεις : Μοναστηράκι Αμαρίου (1597-1613)

Αποθηκεύτηκε σε:
Λεπτομέρειες βιβλιογραφικής εγγραφής
Άλλοι συγγραφείς: Bakker, Wim F. (Επιμελητής έκδοσης), Gemert, A. F. van (Arnold F.) (Επιμελητής έκδοσης)
Μορφή: Βιβλίο
Γλώσσα:Greek
Δημοσίευση: Ρέθυμνο : Πανεπιστήμιο Κρήτης, 1987.
Θέματα:
Ετικέτες: Προσθήκη ετικέτας
Δεν υπάρχουν, Καταχωρήστε ετικέτα πρώτοι!

MARC

LEADER 00000cam a2200000 i 4500
001 1/99914
008 950406s1987 gr | ||| |||| ||gre||
035 |l 10011491 
040 |a GR-MyUa  |b gre  |e AACR2  
041 0 |a gre 
082 7 |a 938.401   |2 (22) 
245 1 0 |a Μανόλης Βαρούχας :   |b νοταριακές πράξεις : Μοναστηράκι Αμαρίου (1597-1613) /   |c εκδίδουν: Wim Bakker; Arnold Van Gemert.  
260 |a Ρέθυμνο :   |b Πανεπιστήμιο Κρήτης,   |c 1987.  
300 |a 851 σ. :   |b εικ. ;   |c 24 εκ. 
500 |a Περιλαμβάνει ευρετήριο. 
650 0 |a Archives  |z Greece  |z Amari. 
650 0 |a Archives  |z Greece  |z Rethymno (Municipality) 
650 0 |a Manuscripts  |z Greece  |z Amari. 
650 0 |a Manuscripts  |z Greece  |z Rethymno (Municipality) 
700 1 |a Bakker, Wim F.  |e edt 
700 1 |a Gemert, A. F. van   |q (Arnold F.)  |e edt 
852 |a INST  |b LESVOS  |e 19950406  |h 938.401 ΜΑΝ  |p 005100001827  |q 005100001827  |t BK  |y 0 
970 |z 2000/06/ΟΙΚΟΝΟΜΟΠΟΥΛΟΥ ΧΡΙΣΤΙΝΑ